Clubes dos jogadores da Seleção Brasileira durante a Copa de 2006 - Statistics

Estatísticas Gerais
  • Esse quiz foi jogado 348 vezes
  • A pontuação média é 20 de 23
Estatísticas das Respostas
Jogador Posição Clube % Correto
Dida Goleiro Milan
99%
Cafu Lateral Milan
99%
Kaka Meia Milan
99%
Roberto Carlos Lateral Real Madrid
99%
Cicinho Lateral Real Madrid
99%
Ronaldo Atacante Real Madrid
99%
Robinho Atacante Real Madrid
99%
Rogério Ceni Goleiro São Paulo
99%
Mineiro Volante São Paulo
99%
Ronaldinho Meia Barcelona
98%
Júlio César Goleiro Internazionale
92%
Adriano Atacante Internazionale
92%
Cris Zagueiro Olympique Lyonnais
89%
Juninho Pernambucano Meia Olympique Lyonnais
89%
Fred Atacante Olympique Lyonnais
89%
Ricardinho Meia Corinthians
80%
Luisão Zagueiro Benfica
77%
Gilberto Silva Volante Arsenal
74%
Lúcio Zagueiro Bayern de Munique
73%
Zé Roberto Meia Bayern de Munique
73%
Emerson Volante Juventus
67%
Juan Zagueiro Bayer Leverkusen
59%
Gilberto Lateral Hertha Berlim
18%
Nenhum quiz correspondente encontrado
Distribuição das Pontuações
Porcentagem de Pessoas com Cada Pontuação
Percentil de Números Respondidos
Sua Pontuação Histórica
Você não jogou esse quiz